Computer Networks /

Detaylı Bibliyografya
Yazar: Tanenbaum, Andrew S.
Diğer Yazarlar: Wetherall, David J., Feamster, Nick
Materyal Türü: Kitap
Dil:English
Baskı/Yayın Bilgisi: India : Pearson India Education, 2022 [Eight impression 2025].
Edisyon:Sixth edition.
Konular:
Classic Catalogue: View this record in Classic Catalogue
LEADER 03725nam a22003857a 4500
001 45044
003 BD-DhAAL
005 20251110145823.0
008 251110t20252022ii a|||| b||| 001 0 eng d
020 |a 9789356063600 
020 |a 9781292374062 
040 |a BD-DhAAL  |c BD-DhAAL 
082 |a 004.6  |2 22 
100 |a Tanenbaum, Andrew S.  |9 59795 
245 |a Computer Networks /  |c Andrew S. Tanenbaum, Nick Feamster, David J. Wetherall. 
250 |a Sixth edition. 
260 |a India :  |b Pearson India Education,  |c 2022 [Eight impression 2025]. 
300 |a 920 pages :  |b illustrations ;  |c 26 cm 
500 |a First impression 2022 Seventh impression 2024  
504 |a Includes bibliographical references and index. 
526 |a EEE  |x Annajiat Alim Rasel Senior Lecturer Department of Computer Science and Engineering BRAC University Course Name :Computer Networks (CSE 421) ; Computer Networks (EEE 465) ; Computer Networks Laboratory (EEE 466) 
541 |a Book finder International  |e 44044, 44045, 44046, 44047, 44048 
650 |a Computer networks. 
650 |a Computer networks  |x Examinations  |x Study guides.  |9 59809 
650 |a Computer Science. 
700 |a Wetherall, David J.  |9 59806 
700 |a Feamster, Nick.  |9 59807 
852 |a Ayesha Abed Library  |c General Stacks  
942 |2 ddc  |c BK 
999 |c 47629  |d 47629 
952 |0 0  |1 0  |2 ddc  |4 0  |6 004_600000000000000_TAN  |7 0  |9 78460  |a BRACUL  |b BRACUL  |c GEN  |d 2025-11-04  |e Book Finder International   |g 1242.00  |l 0  |o 004.6 TAN  |p 3010045048  |r 2025-11-04  |t 5  |v 2484.00  |w 2025-11-04  |y BK  |x Requisitioned by Annajiat Alim Rasel (Senior Lecturer, Department of Computer Science and Engineering, BRAC University) for the course named- 'Computer Networks (CSE 421), Computer Networks (EEE 465), and Computer Networks Laboratory (EEE 466). 
952 |0 0  |1 0  |2 ddc  |4 0  |6 004_600000000000000_TAN  |7 0  |9 78461  |a BRACUL  |b BRACUL  |c CIR  |d 2025-11-04  |e Book Finder International   |g 1242.00  |l 0  |o 004.6 TAN  |p 3010045044  |r 2025-11-04  |t 1  |v 2484.00  |w 2025-11-04  |y 1HOUR  |x Requisitioned by Annajiat Alim Rasel (Senior Lecturer, Department of Computer Science and Engineering, BRAC University) for the course named- 'Computer Networks (CSE 421), Computer Networks (EEE 465), and Computer Networks Laboratory (EEE 466) ; As instructed by the University Librarian, the book has been placed on a one hour loan period following the receipt of five copies. 
952 |0 0  |1 0  |2 ddc  |4 0  |6 004_600000000000000_TAN  |7 0  |9 78462  |a BRACUL  |b BRACUL  |c NEW  |d 2025-11-04  |e Book Finder International   |g 1242.00  |l 0  |o 004.6 TAN  |p 3010045045  |r 2025-11-04  |t 2  |v 2484.00  |w 2025-11-04  |y BK  |x Requisitioned by Annajiat Alim Rasel (Senior Lecturer, Department of Computer Science and Engineering, BRAC University) for the course named- 'Computer Networks (CSE 421), Computer Networks (EEE 465), and Computer Networks Laboratory (EEE 466). 
952 |0 0  |1 0  |2 ddc  |4 0  |6 004_600000000000000_TAN  |7 0  |9 78463  |a BRACUL  |b BRACUL  |c GEN  |d 2025-11-04  |e Book Finder International   |g 1242.00  |l 2  |m 25  |o 004.6 TAN  |p 3010045047  |q 2026-06-02  |r 2026-02-23  |s 2026-02-23  |t 4  |v 2484.00  |w 2025-11-04  |y BK  |x Requisitioned by Annajiat Alim Rasel (Senior Lecturer, Department of Computer Science and Engineering, BRAC University) for the course named- 'Computer Networks (CSE 421), Computer Networks (EEE 465), and Computer Networks Laboratory (EEE 466). 
952 |0 0  |1 0  |2 ddc  |4 0  |6 004_600000000000000_TAN  |7 0  |9 78464  |a BRACUL  |b BRACUL  |c GEN  |d 2025-11-04  |e Book Finder International   |g 1242.00  |l 0  |o 004.6 TAN  |p 3010045046  |r 2025-11-04  |t 3  |v 2484.00  |w 2025-11-04  |y BK  |x Requisitioned by Annajiat Alim Rasel (Senior Lecturer, Department of Computer Science and Engineering, BRAC University) for the course named- 'Computer Networks (CSE 421), Computer Networks (EEE 465), and Computer Networks Laboratory (EEE 466).